Pays qui reconnaissent l'Abkhazie - Statistiques

Statistiques générales
  • Ce quiz a été pris 13 fois
  • Le résultat moyen est 3 sur 9
Statistiques - réponses
Reconnaissance par l'ONU Réponse % Correct
Oui Russie
92%
Oui Syrie
54%
Oui Nauru
38%
Oui Venezuela
38%
Oui Nicaragua
31%
Non Ossétie du sud-Alanie
31%
Non Transnistrie
23%
Non (gouvernement en exil) Haut-Karabagh
8%
Non (gouvernement en exil) République serbe de Krajina
8%
Aucun quiz correspondant
Distribution des résultats
% des personnes avec chaque résultat
Percentile par nombre de réponses
Votre historique - résultats
Vous n’avez pas pris ce quiz